সাদা কাক ও কালো মানুষের গল্প / (Record no. 3034)
[ view plain ]
| 000 -LEADER | |
|---|---|
| fixed length control field | 00811nam a22002297a 4500 |
| 001 - CONTROL NUMBER | |
| JCCL Control Number | 3034 |
| 003 - CONTROL NUMBER IDENTIFIER | |
| JCCL marc code | BD-JhCC |
| 005 - DATE AND TIME OF LATEST TRANSACTION | |
| control field | 20171109164738.0 |
| 008 - FIXED-LENGTH DATA ELEMENTS--GENERAL INFORMATION | |
| fixed length control field | 171109s2005 xxuaob|| |||| 00| 0 ben d |
| 020 ## - INTERNATIONAL STANDARD BOOK NUMBER | |
| International Standard Book Number | 9842000176 |
| 035 ## - SYSTEM CONTROL NUMBER | |
| system control number | (BD-JhCC)3034 |
| 040 ## - CATALOGING SOURCE | |
| Original cataloging agency | BD-JhCC |
| Modifying agency | BD-JhCC |
| 041 ## - LANGUAGE CODE | |
| Language code of Book | ben |
| 082 ## - DEWEY DECIMAL CLASSIFICATION NUMBER | |
| Classification number | 966.4 |
| Author mark and Year | UDD 2005 |
| 100 ## - MAIN ENTRY--PERSONAL NAME | |
| Personal name | উদ্দীন, কর্নেল জি র মো আশরাফ |
| 245 ## - TITLE STATEMENT | |
| Title | সাদা কাক ও কালো মানুষের গল্প / |
| Statement of responsibility, etc | কর্নেল জি র মো আশরাফ উদ্দীন |
| 260 ## - PUBLICATION, DISTRIBUTION, ETC. (IMPRINT) | |
| Place of publication, distribution, etc | ঢাকা : |
| Name of publisher, distributor, etc | অ্যার্ডন পাবলিকেশন, |
| Date of publication, distribution, etc | ২০০৫. |
| 300 ## - PHYSICAL DESCRIPTION | |
| Pagination | ২০০ পৃ. : |
| Other physical details | ill. ; |
| Dimensions | ২২ সেমি. |
| 650 ## - SUBJECT ADDED ENTRY--TOPICAL TERM | |
| Topical term or geographic name as entry element | Sierra Leone |
| 942 ## - ADDED ENTRY ELEMENTS (KOHA) | |
| Source of classification or shelving scheme | Dewey Decimal Classification |
| Koha item type | Books |
| Source of classification or shelving scheme | Damaged status | Not for loan | Home library | Current library | Shelving location | Date of accession | Cost, normal purchase price | Total Checkouts | Full call number | Barcode | Date last seen | Copy number | Koha item type |
|---|---|---|---|---|---|---|---|---|---|---|---|---|---|
| Dewey Decimal Classification | JCC Rouf Library | JCC Rouf Library | General Stacks | 11/09/2017 | 200.00 | 966.4 UDD 2005 | 3721 | 11/09/2017 | C-1 | Books |